000 00460nmm a2200145Ia 4500
008 251105s9999||||xx |||||||||||||||||und||
041 _aspa
100 _aSanderson, Brandon
245 0 _aEl talento oscuro :
_b Alcatraz contra los Bibliotecarios Malvados 5
264 _a[Madrid, España] :
_bEdiciones B,
_c2017
300 _a231 páginas
650 _aTeen & Young Adult Fiction
856 _uhttps://public.digitaliapublishing.com/a/54500
942 _cCF
999 _c106335
_d106335